[Event "Imperia op-A 54th"]
[Site "Imperia"]
[Date "2012.09.02"]
[Round "1"]
[White "Del Dotto, Riccardo"]
[Black "Schiappoli, Dario"]
[Result "1-0"]
[WhiteElo "2203"]
[BlackElo "1960"]
[PlyCount "75"]
[EventDate "2012.09.02"]
[EventType "swiss"]
[EventRounds "9"]
[EventCountry "ITA"]
[SourceTitle "EXT 2014"]
[Source "ChessBase"]
[SourceDate "2013.11.20"]
[SourceVersion "1"]
[SourceVersionDate "2013.11.20"]
[SourceQuality "1"]

1. d4 Nf6 2. Bf4 c5 3. e3 Nd5 4. Bxb8 Rxb8 5. c4 Qa5+ 6. Nd2 Nc7 7. Ngf3 g6 8. Bd3 Bg7 9. 0-0 d6 10. Qc2 Bd7 11. a3 cxd4 12. b4 Qh5 13. Nxd4 0-0 14. Rac1 Rbc8 15. Be4 e5 16. N4b3 Bc6 17. Qd3 Rfd8 18. Na5 d5 19. cxd5 Bxd5 20. Rxc7 Rxc7 21. Bxd5 Qg5 22. e4 Bh6 23. Nf3 Qe7 24. Rd1 Rdc8 25. Nc4 Bg7 26. g3 Kf8 27. Kg2 b5 28. Ne3 a6 29. Qe2 Rc3 30. Rd3 Qd7 31. Qd2 Qc7 32. Ng5 Bh6 33. Nxf7 Bxe3 34. Qxe3 Rxd3 35. Qxd3 Qc1 36. Nxe5 Rc3 37. Qd4 Qb2 38. Qa7 1-0

[Event "Imperia op-A 50th"]
[Site "Imperia"]
[Date "2008.09.05"]
[Round "7"]
[White "Feistenauer, Harald"]
[Black "Del Dotto, Riccardo"]
[Result "0-1"]
[WhiteElo "2107"]
[BlackElo "2171"]
[PlyCount "82"]
[EventDate "2008.08.31"]
[EventType "swiss"]
[EventRounds "9"]
[EventCountry "ITA"]
[SourceTitle "MCD"]
[Source "ChessBase"]
[SourceDate "1999.07.01"]
[SourceVersion "1"]
[SourceVersionDate "1999.07.01"]
[SourceQuality "1"]

1. c4 e5 2. Nc3 Nf6 3. g3 Nc6 4. Bg2 Bc5 5. d3 h6 6. a3 a6 7. e3 d6 8. Nge2 Ba7 9. 0-0 0-0 10. b4 Rb8 11. Rb1 Bd7 12. Qb3 Qc8 13. Re1 Bh3 14. Nd1 Nh7 15. f3 Ng5 16. Nf2 Bxg2 17. Kxg2 Qf5 18. Ng1 Qg6 19. Bd2 Ne6 20. b5 axb5 21. cxb5 Ne7 22. a4 d5 23. Ne2 Rfd8 24. a5 Bc5 25. Ng4 e4 26. Ne5 Qh5 27. d4 Bd6 28. fxe4 Bxe5 29. dxe5 dxe4 30. Bc1 Qf3+ 31. Kg1 Ng5 32. h4 Nh3+ 33. Kh2 Qf2+ 34. Kxh3 Qxe1 35. Nd4 Qh1+ 36. Kg4 Ng6 37. Ba3 Nxe5+ 38. Kf4 Qf3+ 39. Kxe5 Qxg3+ 40. Kxe4 Re8+ 41. Kd5 Rbd8+ 0-1

[Event "Imperia op-A 48th"]
[Site "Imperia"]
[Date "2006.09.06"]
[Round "4"]
[White "Del Dotto, Riccardo"]
[Black "Stoppa, Omar"]
[Result "1/2-1/2"]
[WhiteElo "2180"]
[BlackElo "2209"]
[PlyCount "64"]
[EventDate "2006.09.03"]
[EventType "swiss"]
[EventRounds "9"]
[EventCountry "ITA"]
[SourceTitle "EXT 2011"]
[Source "ChessBase"]
[SourceDate "2010.11.26"]
[SourceVersion "1"]
[SourceVersionDate "2010.11.26"]
[SourceQuality "1"]

1. d4 Nf6 2. Nf3 g6 3. Bf4 Bg7 4. h3 d6 5. e3 0-0 6. Be2 c5 7. c3 Nc6 8. Nbd2 Re8 9. Bh2 cxd4 10. exd4 Bf5 11. 0-0 e5 12. dxe5 dxe5 13. Nc4 Nd5 14. Qb3 Qe7 15. Ncxe5 Nxe5 16. Qxd5 Rad8 17. Qb3 Bd3 18. Nd4 Bxe2 19. Nxe2 Nf3+ 20. gxf3 Qxe2 21. Qxb7 Re7 22. Qc6 Qxb2 23. Rab1 Qxc3 24. Qxc3 Bxc3 25. Rfc1 Bd4 26. Rc2 Bb6 27. Bg3 f6 28. Kf1 Kf7 29. Rbc1 Red7 30. Bc7 Bxc7 31. Rxc7 g5 32. R1c4 Kg6 1/2-1/2

[Event "Campobasso op 13th"]
[Site "Campobasso"]
[Date "2006.07.23"]
[Round "5"]
[White "Del Dotto, Riccardo"]
[Black "Sabia, Corrado"]
[Result "1/2-1/2"]
[WhiteElo "2180"]
[BlackElo "2146"]
[PlyCount "89"]
[EventDate "2006.07.21"]
[EventType "swiss"]
[EventRounds "6"]
[EventCountry "ITA"]
[SourceTitle "CBM 113 Extra"]
[Source "ChessBase"]
[SourceDate "2006.09.14"]
[SourceVersion "1"]
[SourceVersionDate "2006.09.14"]
[SourceQuality "1"]

1. e4 c5 2. Nc3 Nc6 3. g3 g6 4. Bg2 Bg7 5. d3 d6 6. Be3 e5 7. f4 Nge7 8. Nf3 0-0 9. 0-0 Nd4 10. h3 Rb8 11. Qd2 b5 12. Rae1 b4 13. Nd1 Nxf3+ 14. Rxf3 Be6 15. Ref1 f5 16. fxe5 Bxe5 17. g4 Qd7 18. Qf2 Bg7 19. gxf5 gxf5 20. Qg3 Kh8 21. Bg5 Ng6 22. exf5 Rxf5 23. Rxf5 Bxf5 24. Ne3 Be5 25. Qf3 Be6 26. Bf6+ Kg8 27. Bxe5 dxe5 28. Nd5 Qg7 29. Nf6+ Kh8 30. Nh5 Nh4 31. Nxg7 Nxf3+ 32. Bxf3 Kxg7 33. Bg4 Bf7 34. Kf2 c4 35. dxc4 Bxc4 36. Rd1 Bb5 37. Bd7 Bc4 38. Bg4 Bb5 39. Bd7 a5 40. Rd5 Bxd7 41. Rxd7+ Kg6 42. Rd5 Rc8 43. Rxe5 Rxc2+ 44. Kf3 Rxb2 45. Rxa5 1/2-1/2

[Event "Campobasso op 13th"]
[Site "Campobasso"]
[Date "2006.07.21"]
[Round "2"]
[White "Madan, Augustin"]
[Black "Del Dotto, Riccardo"]
[Result "1-0"]
[WhiteElo "2411"]
[BlackElo "2180"]
[PlyCount "81"]
[EventDate "2006.07.21"]
[EventType "swiss"]
[EventRounds "6"]
[EventCountry "ITA"]
[SourceTitle "CBM 113 Extra"]
[Source "ChessBase"]
[SourceDate "2006.09.14"]
[SourceVersion "1"]
[SourceVersionDate "2006.09.14"]
[SourceQuality "1"]

1. d4 d5 2. Nf3 c6 3. e3 Bg4 4. b3 e6 5. Bb2 Nd7 6. Nbd2 f5 7. c4 Ngf6 8. Qc1 Bd6 9. Ba3 Qe7 10. Bxd6 Qxd6 11. Bd3 0-0 12. 0-0 e5 13. dxe5 Nxe5 14. Nxe5 Qxe5 15. Qc2 d4 16. Rae1 Rad8 17. b4 f4 18. exf4 Qxf4 19. c5 Kh8 20. a3 Rd5 21. f3 Rh5 22. g3 Qh6 23. Ne4 Bh3 24. Nxf6 Qxf6 25. Rf2 Bf5 26. Rfe2 Qg6 27. Rd1 Rg5 28. f4 Rh5 29. Bxf5 Rhxf5 30. Rxd4 Qg4 31. Re7 h5 32. Qe2 Qg6 33. Rd6 Qh7 34. Rdd7 Rxf4 35. gxf4 Qg6+ 36. Qg2 Qb1+ 37. Qf1 Qg6+ 38. Kh1 Rf7 39. Rxf7 Qe4+ 40. Kg1 Qe3+ 41. Qf2 1-0

[Event "Imperia op-A 47th"]
[Site "Imperia"]
[Date "2005.09.04"]
[Round "9"]
[White "Barlocco, Carlo"]
[Black "Del Dotto, Riccardo"]
[Result "1/2-1/2"]
[WhiteElo "2235"]
[BlackElo "2127"]
[PlyCount "148"]
[EventDate "2005.08.28"]
[EventType "swiss"]
[EventRounds "9"]
[EventCountry "ITA"]
[SourceTitle "EXT 2007"]
[Source "ChessBase"]
[SourceDate "2006.11.23"]
[SourceVersion "1"]
[SourceVersionDate "2006.11.23"]
[SourceQuality "1"]

1. Nf3 d5 2. d4 c6 3. c4 Nf6 4. g3 a6 5. Bg2 dxc4 6. Ne5 e6 7. Nc3 c5 8. Be3 Nbd7 9. Nxc4 cxd4 10. Qxd4 Bc5 11. Qd2 0-0 12. 0-0 Qe7 13. Rfd1 Rb8 14. Rac1 b6 15. Nd6 Bxd6 16. Qxd6 Qxd6 17. Rxd6 Ng4 18. Nd1 Nxe3 19. Nxe3 Nf6 20. Nc4 b5 21. Ne5 g6 22. g4 h6 23. h4 Nd5 24. Bxd5 exd5 25. Rxd5 Re8 26. e3 Rb6 27. Nd7 Rbe6 28. Rc7 Kg7 29. Rdc5 Bxd7 30. Rxd7 Re4 31. g5 Rxh4 32. gxh6+ Rxh6 33. Rcc7 Rf8 34. Rd6 Rh5 35. Rxa6 Rg5+ 36. Kf1 Rd8 37. Ke2 Rgd5 38. Rc2 R8d7 39. Rac6 Kf8 40. a3 Ke7 41. Rc7 Rd2+ 42. Rxd2 Rxc7 43. Kd3 Ke6 44. Rc2 Rb7 45. Rc8 Ke5 46. Rc5+ Kd6 47. Kd4 f6 48. Rc8 Rh7 49. Rc2 Rh4+ 50. Kd3 g5 51. b4 Rh2 52. Ke4 g4 53. Kf4 Rg2 54. Rc5 Rxf2+ 55. Kxg4 Ra2 56. Rxb5 Rxa3 57. Kf4 Rb3 58. Rb6+ Kc7 59. Rxf6 Rxb4+ 60. e4 Kd7 61. Kf5 Rb1 62. Rf7+ Ke8 63. Ra7 Rh1 64. e5 Rh5+ 65. Ke6 Rh6+ 66. Kd5 Rb6 67. Rh7 Ra6 68. Rb7 Rg6 69. Ke4 Rh6 70. Kf4 Rg6 71. Rb8+ Ke7 72. Kf5 Rh6 73. Rb7+ Ke8 74. e6 Rh1 1/2-1/2

[Event "Falconara Marittima op 2nd"]
[Site "Falconara Marittima"]
[Date "2005.07.18"]
[Round "1"]
[White "Okhotnik, Vladimir"]
[Black "Del Dotto, Riccardo"]
[Result "1-0"]
[WhiteElo "2404"]
[BlackElo "2127"]
[PlyCount "71"]
[EventDate "2005.07.18"]
[EventType "swiss"]
[EventRounds "9"]
[EventCountry "ITA"]
[SourceTitle "EXT 2007"]
[Source "ChessBase"]
[SourceDate "2006.11.23"]
[SourceVersion "1"]
[SourceVersionDate "2006.11.23"]
[SourceQuality "1"]

1. e4 e5 2. Nf3 Nf6 3. Nxe5 d6 4. Nf3 Nxe4 5. Bd3 Nf6 6. 0-0 Be7 7. h3 0-0 8. c3 d5 9. Bc2 c5 10. d4 b6 11. Ne5 Re8 12. Nd2 Qc7 13. Ndf3 Nbd7 14. Bf4 Bd6 15. Re1 a6 16. Qb1 h6 17. Qc1 cxd4 18. cxd4 Bb7 19. Bb3 Qxc1 20. Raxc1 Nf8 21. a3 Ne6 22. Be3 Rac8 23. Nh4 g6 24. f4 Ng7 25. g4 Rcd8 26. Ba4 b5 27. Bb3 Nd7 28. Bd2 Nf6 29. f5 g5 30. Ng2 Ne4 31. Rxe4 dxe4 32. Nxf7 Kh7 33. Nxd8 Rxd8 34. Ba5 Rd7 35. f6 Ne8 36. f7 1-0

[Event "Porto San Giorgio op 16th"]
[Site "Porto San Giorgio"]
[Date "2004.08.27"]
[Round "7"]
[White "Kolbus, Dietmar"]
[Black "Del Dotto, Riccardo"]
[Result "1-0"]
[WhiteElo "2303"]
[BlackElo "2127"]
[PlyCount "79"]
[EventDate "2004.08.21"]
[EventType "swiss"]
[EventRounds "9"]
[EventCountry "ITA"]
[SourceTitle "CBM 101 Extra"]
[Source "ChessBase"]
[SourceDate "2004.09.01"]
[SourceVersion "2"]
[SourceVersionDate "2004.09.01"]
[SourceQuality "1"]

1. c4 e5 2. Nc3 Nc6 3. g3 g6 4. Bg2 Bg7 5. e3 d6 6. Nge2 f5 7. d3 Nf6 8. 0-0 0-0 9. Nd5 Ne7 10. Nec3 c6 11. Nxf6+ Bxf6 12. Qb3 Kh8 13. Bd2 g5 14. f4 Ng6 15. Ne2 Qe7 16. Rae1 Be6 17. Qa3 Qd7 18. Bb4 Rfd8 19. b3 Rac8 20. Bc3 Qg7 21. Qb2 h6 22. d4 e4 23. fxg5 hxg5 24. g4 Nh4 25. gxf5 Nxg2 26. Kxg2 Bf7 27. d5 Bxc3 28. Nxc3 cxd5 29. f6 Qg8 30. cxd5 Bxd5 31. Rd1 Bf7 32. Nxe4 Qh7 33. Qd4 Rc2+ 34. Rd2 Rdc8 35. Rff2 Rxd2 36. Rxd2 Bg6 37. Nxg5 Be4+ 38. Qxe4 Qh5 39. h4 Re8 40. f7 1-0

[Event "Porto San Giorgio op 16th"]
[Site "Porto San Giorgio"]
[Date "2004.08.25"]
[Round "5"]
[White "Cioara, Andrei Nestor"]
[Black "Del Dotto, Riccardo"]
[Result "1/2-1/2"]
[WhiteElo "2373"]
[BlackElo "2127"]
[PlyCount "60"]
[EventDate "2004.08.21"]
[EventType "swiss"]
[EventRounds "9"]
[EventCountry "ITA"]
[SourceTitle "CBM 101 Extra"]
[Source "ChessBase"]
[SourceDate "2004.09.01"]
[SourceVersion "2"]
[SourceVersionDate "2004.09.01"]
[SourceQuality "1"]

1. d4 d5 2. c4 c6 3. Nf3 Nf6 4. Nc3 a6 5. c5 Nbd7 6. Bf4 Nh5 7. e3 Nxf4 8. exf4 g6 9. Bd3 Bg7 10. 0-0 0-0 11. Qd2 b6 12. cxb6 Qxb6 13. Ne2 c5 14. b3 cxd4 15. Rac1 a5 16. Rfe1 Nc5 17. Nexd4 Nxd3 18. Qxd3 Ba6 19. Qe3 e6 20. Ne5 Rfc8 21. Ndc6 Qxe3 22. fxe3 Bf8 23. Nd7 Bb4 24. Red1 Be2 25. Nb6 Bxd1 26. Nxa8 Kg7 27. Kf2 Ba3 28. Nb6 Rc7 29. Na8 Rc8 30. Nb6 Rc7 1/2-1/2

[Event "Porto San Giorgio op 16th"]
[Site "Porto San Giorgio"]
[Date "2004.08.22"]
[Round "2"]
[White "Del Dotto, Riccardo"]
[Black "Zaja, Ivan"]
[Result "0-1"]
[WhiteElo "2127"]
[BlackElo "2452"]
[PlyCount "66"]
[EventDate "2004.08.21"]
[EventType "swiss"]
[EventRounds "9"]
[EventCountry "ITA"]
[SourceTitle "CBM 101 Extra"]
[Source "ChessBase"]
[SourceDate "2004.09.01"]
[SourceVersion "2"]
[SourceVersionDate "2004.09.01"]
[SourceQuality "1"]

1. e4 e6 2. d3 d5 3. Qe2 Ne7 4. Nf3 c5 5. g3 Nbc6 6. Bg2 g6 7. 0-0 Bg7 8. c3 b6 9. e5 Ba6 10. Re1 h6 11. h4 Qc7 12. Na3 Rd8 13. Bf4 Rd7 14. Rac1 g5 15. hxg5 Ng6 16. b4 hxg5 17. Bxg5 Ncxe5 18. Nxe5 Qxe5 19. Qg4 Qd6 20. Bf4 Qf8 21. b5 Nxf4 22. gxf4 Bc8 23. Qg5 Rg8 24. Qh4 Bxc3 25. Re2 Qg7 26. Qh3 Bb2 27. Rce1 Bxa3 28. f5 Re7 29. fxe6 Bxe6 30. Qh2 Kd7 31. Kf1 Qxg2+ 32. Qxg2 Rxg2 33. Kxg2 Bb4 0-1

[Event "ITA-chT A1 34th"]
[Site "Italy"]
[Date "2004.03.06"]
[Round "1"]
[White "Del Dotto, Riccardo"]
[Black "Mantovani, Renzo"]
[Result "0-1"]
[WhiteElo "2131"]
[BlackElo "2374"]
[PlyCount "84"]
[EventDate "2004.03.06"]
[EventType "team"]
[EventRounds "5"]
[EventCountry "ITA"]
[SourceTitle "EXT 2007"]
[Source "ChessBase"]
[SourceDate "2006.11.23"]
[SourceVersion "1"]
[SourceVersionDate "2006.11.23"]
[SourceQuality "1"]

1. e4 c5 2. Nc3 Nc6 3. g3 g6 4. Bg2 Bg7 5. d3 d6 6. Be3 Nf6 7. h3 Rb8 8. Qd2 b5 9. Nge2 b4 10. Nd1 0-0 11. 0-0 e5 12. Bh6 Bxh6 13. Qxh6 Nd4 14. Nxd4 cxd4 15. f4 Kh8 16. Qg5 Nd7 17. Qxd8 Rxd8 18. fxe5 Nxe5 19. b3 Be6 20. Nb2 Kg7 21. a3 Rdc8 22. Rf2 a5 23. axb4 axb4 24. Ra6 Ra8 25. Rxa8 Rxa8 26. Na4 Bd7 27. Nb6 Ra1+ 28. Rf1 Ra2 29. Nxd7 Nxd7 30. Rf2 Ne5 31. Bf1 Ra1 32. Kg2 f6 33. Be2 Rc1 34. Bf1 h5 35. Rd2 Nc6 36. Be2 Na7 37. Kf2 Nb5 38. Bd1 Na3 39. Ke1 Nb1 40. Rf2 Nc3 41. Rd2 g5 42. g4 h4 0-1